[Event "Al Ain op 1st"]
[Site "Al Ain"]
[Date "2012.12.27"]
[Round "7"]
[White "Ihsan, Jawad"]
[Black "Kawuma, Patrick"]
[Result "0-1"]
[WhiteElo "2126"]
[BlackElo "2245"]
[PlyCount "64"]
[EventDate "2012.12.22"]
[EventType "swiss"]
[EventRounds "9"]
[EventCountry "UAE"]
[SourceTitle "CBM 152 Extra"]
[Source "ChessBase"]
[SourceDate "2013.02.25"]
[SourceVersion "1"]
[SourceVersionDate "2013.02.25"]
[SourceQuality "1"]

1. d4 Nf6 2. Nf3 g6 3. g3 Bg7 4. Bg2 0-0 5. 0-0 d5 6. c4 c6 7. b3 Bg4 8. Bb2 Nbd7 9. Ne5 Be6 10. cxd5 Bxd5 11. Nxd7 Qxd7 12. f3 Rad8 13. Qc2 Be6 14. Rd1 Nd5 15. Qc1 Nc7 16. Na3 Bh3 17. Bh1 h5 18. e4 Kh7 19. Nc4 Ne6 20. Ne5 Qc7 21. f4 Qb6 22. Qe3 Nc7 23. Bf3 a6 24. Ba3 Nb5 25. Bc5 Qc7 26. Nc4 Rde8 27. e5 Qc8 28. d5 f6 29. a4 fxe5 30. fxe5 cxd5 31. Bxd5 Nc3 32. Rd3 Bh6 0-1

[Event "Al Ain op 1st"]
[Site "Al Ain"]
[Date "2012.12.26"]
[Round "5"]
[White "Ihsan, Jawad"]
[Black "Solomons, Anzel"]
[Result "1-0"]
[WhiteElo "2126"]
[BlackElo "1928"]
[PlyCount "63"]
[EventDate "2012.12.22"]
[EventType "swiss"]
[EventRounds "9"]
[EventCountry "UAE"]
[SourceTitle "CBM 152 Extra"]
[Source "ChessBase"]
[SourceDate "2013.02.25"]
[SourceVersion "1"]
[SourceVersionDate "2013.02.25"]
[SourceQuality "1"]

1. d4 d5 2. Nf3 Nf6 3. g3 e6 4. Bg2 Bd6 5. 0-0 0-0 6. c4 c6 7. b3 Nbd7 8. Bb2 dxc4 9. bxc4 c5 10. e3 Qc7 11. Nc3 a6 12. Nd2 Nb6 13. Qb3 Rd8 14. Rab1 Nbd7 15. Nce4 Be7 16. Rfd1 Rb8 17. Rbc1 b6 18. d5 exd5 19. cxd5 Bb7 20. Ng5 Bd6 21. e4 b5 22. f4 c4 23. Qc3 Bf8 24. Kh1 Qb6 25. Nf1 Ng4 26. Nh3 Rbc8 27. Qf3 Ngf6 28. Ne3 Nc5 29. e5 Nfd7 30. Bd4 Qa5 31. Ng5 Nd3 32. Qh5 1-0

[Event "Al Ain op 1st"]
[Site "Al Ain"]
[Date "2012.12.22"]
[Round "1"]
[White "Ihsan, Jawad"]
[Black "Abdel Razik, Khaled"]
[Result "0-1"]
[WhiteElo "2126"]
[BlackElo "2448"]
[PlyCount "86"]
[EventDate "2012.12.22"]
[EventType "swiss"]
[EventRounds "9"]
[EventCountry "UAE"]
[SourceTitle "CBM 152 Extra"]
[Source "ChessBase"]
[SourceDate "2013.02.25"]
[SourceVersion "1"]
[SourceVersionDate "2013.02.25"]
[SourceQuality "1"]

1. d4 Nf6 2. Nf3 c5 3. dxc5 Na6 4. g3 Nxc5 5. Bg2 d5 6. 0-0 Bf5 7. Be3 Rc8 8. c4 e6 9. Nc3 dxc4 10. Qxd8+ Rxd8 11. Ne5 Ng4 12. Nxc4 Nxe3 13. Nxe3 Bg6 14. b4 Nd7 15. a3 Rb8 16. Rfd1 a6 17. Rac1 a5 18. bxa5 Bxa3 19. Rb1 Bxb1 20. Rxb1 Ke7 21. Bxb7 Nc5 22. a6 Nxb7 23. axb7 Bd6 24. Nc4 Bc7 25. e4 Kd7 26. e5 Kc6 27. Ne4 Rxb7 28. Rc1 Kd5 29. Ncd6 Bxd6 30. Nxd6 Ra7 31. f4 Rb8 32. Rd1+ Kc5 33. Rd2 Rb4 34. Ne8 g6 35. Nd6 Rba4 36. Kg2 Ra2 37. Rxa2 Rxa2+ 38. Kh3 f5 39. Nf7 Kd5 40. Ng5 h6 41. Nf7 Ra7 42. Nd6 g5 43. Ne8 gxf4 0-1

[Event "Olympiad-40"]
[Site "Istanbul"]
[Date "2012.09.06"]
[Round "9.4"]
[White "Ihsan, Jawad"]
[Black "Cecchetti, Roberto"]
[Result "1/2-1/2"]
[WhiteElo "2143"]
[BlackElo "1910"]
[PlyCount "60"]
[EventDate "2012.08.28"]
[EventType "team-swiss"]
[EventRounds "11"]
[EventCountry "TUR"]
[SourceTitle "CBM 151"]
[Source "ChessBase"]
[SourceDate "2012.11.13"]
[SourceVersion "1"]
[SourceVersionDate "2012.11.13"]
[SourceQuality "1"]
[WhiteTeam "Palestine"]
[BlackTeam "San Marino"]
[WhiteTeamCountry "PLE"]
[BlackTeamCountry "SMR"]

1. c4 c6 2. d4 d5 3. Nc3 Nf6 4. Nf3 e6 5. Bg5 Nbd7 6. e3 Qa5 7. Bxf6 Nxf6 8. a3 dxc4 9. Bxc4 b5 10. Bd3 b4 11. axb4 Qxb4 12. Qd2 Be7 13. 0-0 0-0 14. Na4 Bd7 15. Qxb4 Bxb4 16. Rfc1 Rfc8 17. Ne5 Be8 18. Ba6 Rc7 19. Nd3 Bd6 20. Rc2 Rb8 21. Nac5 Nd5 22. Ra4 Nb6 23. Rb4 h6 24. e4 Bf8 25. f3 g6 26. Kf2 h5 27. g3 Be7 28. Rc3 Bf8 29. Rc2 Be7 30. Rc3 Bf8 1/2-1/2

[Event "Olympiad-40"]
[Site "Istanbul"]
[Date "2012.08.28"]
[Round "1.4"]
[White "Ringoir, Tanguy"]
[Black "Ihsan, Jawad"]
[Result "1-0"]
[WhiteElo "2448"]
[BlackElo "2143"]
[PlyCount "47"]
[EventDate "2012.08.28"]
[EventType "team-swiss"]
[EventRounds "11"]
[EventCountry "TUR"]
[SourceTitle "CBM 151"]
[Source "ChessBase"]
[SourceDate "2012.11.13"]
[SourceVersion "1"]
[SourceVersionDate "2012.11.13"]
[SourceQuality "1"]
[WhiteTeam "Belgium"]
[BlackTeam "Palestine"]
[WhiteTeamCountry "BEL"]
[BlackTeamCountry "PLE"]

1. d4 Nf6 2. c4 g6 3. Nc3 Bg7 4. e4 d6 5. h3 Na6 6. Be3 e5 7. dxe5 dxe5 8. Qxd8+ Kxd8 9. Nf3 Nd7 10. Be2 c6 11. 0-0 Nb4 12. Rac1 a5 13. Rfd1 Kc7 14. Ng5 Rf8 15. Nxh7 Re8 16. a3 Na6 17. Nb5+ cxb5 18. cxb5+ Nac5 19. Bxc5 Nxc5 20. Rxc5+ Kb8 21. b6 Re6 22. Rd8 Rc6 23. Rc4 a4 24. Rg8 1-0

[Event "Asia Clubs 1st"]
[Site "Al Ain"]
[Date "2008.12.31"]
[Round "7"]
[White "Abdulwahhab, Ahmed Abdulsattar"]
[Black "Ihsan, Jawad"]
[Result "1-0"]
[WhiteElo "2246"]
[BlackElo "2166"]
[PlyCount "51"]
[EventDate "2008.12.25"]
[EventType "team"]
[EventRounds "7"]
[EventCountry "UAE"]
[SourceTitle "CBM 127 Extra"]
[Source "ChessBase"]
[SourceDate "2009.01.08"]
[SourceVersion "2"]
[SourceVersionDate "2009.01.28"]
[SourceQuality "1"]

1. e4 c5 2. Nf3 d6 3. d4 cxd4 4. Nxd4 Nf6 5. Nc3 a6 6. Bc4 e6 7. Bb3 Be7 8. g4 Nc6 9. g5 Nd7 10. Ba4 Nxd4 11. Bxd7+ Bxd7 12. Qxd4 Bxg5 13. Qxg7 Bf6 14. Qg3 Bc6 15. Bf4 Qb6 16. 0-0-0 0-0-0 17. Rxd6 Rxd6 18. Bxd6 Bd4 19. Nd1 Rd8 20. Be5 Bc5 21. Qc3 Kd7 22. Ne3 Bxe3+ 23. fxe3 Rc8 24. Qd4+ Qxd4 25. exd4 Rg8 26. Rf1 1-0

[Event "Asia Clubs 1st"]
[Site "Al Ain"]
[Date "2008.12.27"]
[Round "3"]
[White "Bukhalaf, Khalaf"]
[Black "Ihsan, Jawad"]
[Result "1/2-1/2"]
[WhiteElo "1866"]
[BlackElo "2166"]
[PlyCount "73"]
[EventDate "2008.12.25"]
[EventType "team"]
[EventRounds "7"]
[EventCountry "UAE"]
[SourceTitle "CBM 127 Extra"]
[Source "ChessBase"]
[SourceDate "2009.01.08"]
[SourceVersion "2"]
[SourceVersionDate "2009.01.28"]
[SourceQuality "1"]

1. c4 Nf6 2. Nc3 g6 3. g3 Bg7 4. Bg2 0-0 5. Nf3 d6 6. 0-0 Nc6 7. d3 e5 8. Bg5 h6 9. Bxf6 Bxf6 10. Rb1 a5 11. a3 Bg7 12. b4 axb4 13. axb4 f5 14. Nd2 g5 15. b5 Ne7 16. Qb3 Kh8 17. Nd5 h5 18. e3 g4 19. h4 gxh3 20. Bxh3 Nxd5 21. cxd5 b6 22. Qd1 Qg5 23. e4 Bf6 24. Kg2 f4 25. Bxc8 Rfxc8 26. Rh1 Kg7 27. Qxh5 Qxh5 28. Rxh5 fxg3 29. Kxg3 Kg6 30. Rhh1 Ra3 31. Rb3 Rca8 32. Rhb1 Bg5 33. Nc4 Bf4+ 34. Kf3 R3a4 35. Ne3 Rh8 36. R1b2 Ra1 37. Rb1 1/2-1/2

[Event "Olympiad-38"]
[Site "Dresden"]
[Date "2008.11.21"]
[Round "8"]
[White "Khamdamov, Suhrob"]
[Black "Ihsan, Jawad"]
[Result "1-0"]
[WhiteElo "2219"]
[BlackElo "2166"]
[PlyCount "41"]
[EventDate "2008.11.13"]
[EventType "team-swiss"]
[EventRounds "11"]
[EventCountry "GER"]
[SourceTitle "CBM 128"]
[Source "ChessBase"]
[SourceDate "2009.01.28"]
[SourceVersion "1"]
[SourceVersionDate "2009.01.28"]
[SourceQuality "1"]
[WhiteTeam "Tajikistan"]
[BlackTeam "Palestine"]
[WhiteTeamCountry "TJK"]
[BlackTeamCountry "PLE"]

1. d4 Nf6 2. c4 g6 3. Nc3 Bg7 4. e4 d6 5. f3 c6 6. Be3 a6 7. a4 a5 8. Qd2 Na6 9. Nge2 0-0 10. g4 h5 11. gxh5 Nxh5 12. Ng3 Nf6 13. h4 e5 14. h5 Re8 15. Bh6 exd4 16. Bxg7 Kxg7 17. hxg6 Rh8 18. Qxd4 Rxh1 19. Nxh1 Nc5 20. Rd1 fxg6 21. Qxc5 1-0

[Event "Olympiad-38"]
[Site "Dresden"]
[Date "2008.11.13"]
[Round "1"]
[White "Ibrayev, Nurlan"]
[Black "Ihsan, Jawad"]
[Result "1-0"]
[WhiteElo "2448"]
[BlackElo "2166"]
[PlyCount "61"]
[EventDate "2008.11.13"]
[EventType "team-swiss"]
[EventRounds "11"]
[EventCountry "GER"]
[SourceTitle "CBM 128"]
[Source "ChessBase"]
[SourceDate "2009.01.28"]
[SourceVersion "1"]
[SourceVersionDate "2009.01.28"]
[SourceQuality "1"]
[WhiteTeam "Kazakhstan"]
[BlackTeam "Palestine"]
[WhiteTeamCountry "KAZ"]
[BlackTeamCountry "PLE"]

1. d4 Nf6 2. Nf3 g6 3. c4 Bg7 4. g3 0-0 5. Bg2 d6 6. 0-0 Nc6 7. Nc3 Bg4 8. d5 Bxf3 9. exf3 Ne5 10. b3 a5 11. f4 Ned7 12. Rb1 Nc5 13. Re1 Re8 14. Be3 Qc8 15. Bd4 Qf5 16. Nb5 Qd7 17. h3 h5 18. Qf3 Rac8 19. Bc3 Ra8 20. Re2 Kf8 21. Rbe1 Kg8 22. Nd4 Nh7 23. g4 h4 24. Re3 e5 25. dxe6 fxe6 26. a3 e5 27. fxe5 dxe5 28. Qd5+ Qxd5 29. Bxd5+ Kh8 30. Nf3 Rf8 31. Nxe5 1-0

[Event "Dubai op 09th"]
[Site "Dubai"]
[Date "2007.04.22"]
[Round "1"]
[White "Ihsan, Jawad"]
[Black "Safarli, Eltaj"]
[Result "0-1"]
[WhiteElo "2155"]
[BlackElo "2463"]
[PlyCount "66"]
[EventDate "2007.04.22"]
[EventType "swiss"]
[EventRounds "9"]
[EventCountry "UAE"]
[SourceTitle "CBM 118 Extra"]
[Source "ChessBase"]
[SourceDate "2007.07.04"]
[SourceVersion "1"]
[SourceVersionDate "2007.07.04"]
[SourceQuality "1"]

1. c4 c5 2. Nc3 Nf6 3. Nf3 e6 4. g3 Nc6 5. Bg2 d5 6. cxd5 Nxd5 7. 0-0 Be7 8. d4 0-0 9. Nxd5 exd5 10. dxc5 Bxc5 11. b3 Bf5 12. Bb2 Be4 13. Rc1 Qe7 14. e3 Rfe8 15. Qd2 Bb6 16. Rfd1 Rad8 17. Qe2 a6 18. a3 Na5 19. Nd2 Bxg2 20. Kxg2 d4 21. e4 d3 22. Qg4 Bd4 23. Bxd4 Rxd4 24. Rc8 Rxc8 25. Qxc8+ Rd8 26. Qc3 Nc6 27. b4 Nd4 28. Qc5 Qf6 29. f4 Ne6 30. e5 Qg6 31. Qe3 Nd4 32. Qe4 Qe6 33. Kf1 Nb3 0-1

[Event "Dubai op 7th"]
[Site "Dubai"]
[Date "2005.04.05"]
[Round "2"]
[White "Rohit, Gogineni"]
[Black "Ihsan, Jawad"]
[Result "1-0"]
[WhiteElo "2352"]
[BlackElo "2188"]
[PlyCount "77"]
[EventDate "2005.04.04"]
[EventType "swiss"]
[EventRounds "9"]
[EventCountry "UAE"]
[SourceTitle "CBM 105 Extra"]
[Source "ChessBase"]
[SourceDate "2005.05.01"]
[SourceVersion "1"]
[SourceVersionDate "2005.05.01"]
[SourceQuality "1"]

1. e4 c5 2. Nf3 Nc6 3. Bb5 g6 4. Bxc6 dxc6 5. d3 Bg7 6. h3 e5 7. Be3 Qe7 8. Qd2 h6 9. a3 Nf6 10. Qc3 Nd7 11. b4 b6 12. bxc5 Nxc5 13. Nbd2 0-0 14. Bxc5 Qxc5 15. Qxc5 bxc5 16. Nc4 Re8 17. Nfd2 Bf8 18. Na5 Re6 19. Rb1 Ba6 20. Rb3 Be7 21. 0-0 Bb5 22. Rc3 Rb8 23. Ra1 Bd8 24. Nab3 Bb6 25. a4 c4 26. Nxc4 Bxc4 27. Rxc4 a5 28. g3 f5 29. exf5 gxf5 30. Re1 Kf7 31. Nc5 Re7 32. Rb1 Bc7 33. Rxb8 Bxb8 34. Na6 Ba7 35. Rxc6 e4 36. dxe4 fxe4 37. Kf1 e3 38. fxe3 Bxe3 39. Rc7 1-0